| 000 | 00626nam a2200145Ia 4500 | ||
|---|---|---|---|
| 008 | 170221s9999 xx 000 0 und d | ||
| 100 | _aAleksandr A. Novikov | ||
| 245 | 4 | _aThe Leveling of Environmental Polarization as a Part of Strategy of Perspective Innovation Policy of Economic Systems | |
| 245 | _cAleksandr A. Novikov, Elena V. Novikova, Elena V. Moiseyeva, Larisa E. Fatikhova, Olga V. Ruzakova, Lenar R. Khairullin | ||
| 260 | _bInternational Review of Management and Marketing | ||
| 260 | _c2016 | ||
| 300 | _a6 : 2 | ||
| 650 | _xMarketing. | ||
| 856 | _uhttp://www.econjournals.com/index.php/irmm/issue/view/72 | ||
| 999 |
_c308552 _d308552 |
||